Les articles importants de la Constitution FR (1958) - Statistiques

Statistiques générales
  • Ce quiz a été pris 22 fois
  • Le résultat moyen est 3 sur 10
Statistiques - réponses
Article Fonction % Correct
Article 11 Le Référendum
67%
Article 89 La révision de la Constitution
42%
Article 6 Le Président de la République
33%
Article 66-1 Interdiction de la peine de mort
25%
Article 15 Le Président est le chef des armées
25%
Article 24 Le Parlement vote la loi
17%
Article 21 Le Premier ministre dirige l'action du Gouvernement
17%
Article 75-1 Les langues régionales
17%
Article 1er La République Française
8%
Article 64 Le Président et l'autorité judiciaire
0%
Aucun quiz correspondant
Distribution des résultats
% des personnes avec chaque résultat
Percentile par nombre de réponses
Votre historique - résultats
Vous n’avez pas pris ce quiz